| 000 | 00462aam a2200181 4500 | ||
|---|---|---|---|
| 005 | 20170111103540.0 | ||
| 008 | 150727b xxu||||| |||| 00| 0 spa d | ||
| 041 | _aInglés | ||
| 082 | _a428 C678L | ||
| 100 |
_aCohen, Andrew D. _936054 |
||
| 100 |
_aMarcaro, Ernesto _936055 |
||
| 245 | _aLanguage Learner strategies | ||
| 260 |
_aInglaterra _bOxford _c2007 |
||
| 300 | _a336 páginas | ||
| 650 |
_aINGLÉS _92062 |
||
| 650 |
_a ENSEÑANZA _9236 |
||
| 942 | _cBK | ||
| 999 |
_c8692 _d8692 |
||